000 01669nam a22004214a 4500
001 ebr10381780
003 CaPaEBR
006 m u
007 cr cn|||||||||
008 051230s2006 dcua sbf 001 0 eng
010 _z 2005037941
015 _aGBA614448
_2bnb
016 7 _z101264498
_2DNLM
016 7 _z013380666
_2Uk
020 _z155581364X
020 _z9781555813642
040 _aCaPaEBR
_cCaPaEBR
035 _a(OCoLC)647917472
050 1 4 _aRB46.5
_b.M36 2006eb
082 0 4 _a616.07/56
_222
245 0 0 _aManual of molecular and clinical laboratory immunology
_h[electronic resource] /
_ceditors, Barbara Detrick, Robert G. Hamilton, James D. Folds.
250 _a7th ed.
260 _aWashington, D.C. :
_bASM Press,
_cc2006.
300 _axxvi, 1340 p. :
_bill. (some col.).
500 _aRev. ed. of: Manual of clinical laboratory immunology. 6th ed. c2002.
504 _aIncludes bibliographical references and indexes.
533 _aElectronic reproduction.
_bPalo Alto, Calif. :
_cebrary,
_d2013.
_nAvailable via World Wide Web.
_nAccess may be limited to ebrary affiliated libraries.
650 0 _aImmunodiagnosis
_vHandbooks, manuals, etc.
650 0 _aImmunology
_vHandbooks, manuals, etc.
650 0 _aMolecular immunology
_vHandbooks, manuals, etc.
655 7 _aElectronic books.
_2local
700 1 _aDetrick, Barbara.
700 1 _aHamilton, Robert G.
700 1 _aFolds, James D.
710 2 _aebrary, Inc.
730 0 _aManual of clinical laboratory immunology.
856 4 0 _uhttp://site.ebrary.com/lib/rucke/Doc?id=10381780
_zAn electronic book accessible through the World Wide Web; click to view
999 _c103290
_d103290